| 000 | 00531nam a22001937a 4500 | ||
|---|---|---|---|
| 003 | MPLRDC | ||
| 005 | 20220104142741.0 | ||
| 008 | 210129b ||||| |||| 00| 0 eng d | ||
| 020 | _a7-5630-2096-9 | ||
| 082 | _a528.21 ZH-4 v.3 | ||
| 100 | _a周弘 | ||
| 245 |
_a走出虚拟,回归真实 _c |
||
| 250 | _a一版一刷 | ||
| 260 |
_a中国 _b河海大学出版社 _c2005 |
||
| 300 | _b92 | ||
| 490 | _a赏识教育“三字经”智慧丛书. 第1辑 | ||
| 650 | _a子女教育; 亲子教育 | ||
| 942 |
_cBK _o528.21 ZH-4 v.3 |
||
| 999 |
_c33416 _d33406 |
||